Kpop song has “COME” in their titles - Statistics

General Stats
  • This quiz has been taken 16 times
  • The average score is 3 of 12
Answer Stats
Hint Answer % Correct
2ne1 Come back home
53%
Bts Come over
53%
Le sserafim Come over
53%
Seventeen Come to me
40%
Treasure Come to me
40%
Nct u Coming home
7%
Exo Coming over
7%
Verivery Coming over
7%
Ikon Welcome back
7%
Aespa Welcome to my world
7%
Day6 Welcome to the show
7%
Nct 127 Welcome to my playground
0%
No matching quizzes found
Score Distribution
Percent of People with Each Score
Percentile by Number Answered
Your Score History
You have not taken this quiz